| 000 | 00680nam a2200217 i 4500 | ||
|---|---|---|---|
| 001 | 30309 | ||
| 003 | ES-MaACL | ||
| 005 | 20230906154155.0 | ||
| 007 | t| | ||
| 008 | 030124s1976 sp |||| | spa d | ||
| 100 | 1 |
_aBassols de Climent, Mariano. _926336 |
|
| 245 | 1 | 0 |
_aSintaxis latina / _cpor Mariano Bassols de Climent. |
| 260 |
_aMadrid : _bPatronato Menéndez y Pelayo, _c1976. |
||
| 300 |
_a2 v. ; _c22 cm. |
||
| 490 | 1 |
_aEnciclopedia clásica ; _v3-4 |
|
| 650 | 0 | 4 |
_aLengua latina- _xSintaxis. _914306 |
| 710 | 2 |
_aPatronato "Marcelino Menéndez Pelayo" _96189 |
|
| 830 | 0 |
_aEnciclopedia clásica ; _v3-4 _9181334 |
|
| 852 |
_aES-MaACL _jA-6307-08 |
||
| 999 |
_c30309 _d30309 |
||